Bascherelle, (Record no. 6509)

MARC details
005 - DATE AND TIME OF LATEST TRANSACTION
control field 20250701103708.0
020 ## - INTERNATIONAL STANDARD BOOK NUMBER
International Standard Book Number 978-2-218-92262-6
082 ## - DEWEY DECIMAL CLASSIFICATION NUMBER
Classification number 445 HAT.
100 ## - MAIN ENTRY--PERSONAL NAME
Author name HATIER.
245 ## - TITLE STATEMENT
Title Bascherelle,
260 ## - PUBLICATION, DISTRIBUTION, ETC.
Place of publication, distribution, etc. Paris,
Name of publisher, distributor, etc. Hatier,
Date of publication, distribution, etc. 2006.
300 ## - PHYSICAL DESCRIPTION
Extent 167p.
Other physical details Index,
Dimensions 18cm.
942 ## - ADDED ENTRY ELEMENTS (KOHA)
Source of classification or shelving scheme Dewey Decimal Classification
Koha item type Books
Holdings
Date last seen Total checkouts Full call number Barcode Cost, replacement price Price effective from Koha item type Lost status Source of classification or shelving scheme Damaged status Not for loan Withdrawn status Home library Current library Shelving location Date acquired Cost, normal purchase price
07/01/2025   445HAT DOM0004613 150000.00 07/01/2025 Books   Dewey Decimal Classification       CBE Dodoma CBE Dodoma Reference Collection 07/01/2015 50000.00